000 01207cam a2200349 i 4500
001 21801304
003 EG-ScBUE
005 20260407100939.0
008 201116s2025 enkab f b 001 0 eng d
020 _z9780198941033
035 _a21801304
040 _aDLC
_beng
_erda
_cDLC
_dEG-ScBUE
043 _ae------
082 0 4 _222
_a341.2422
_bSCH
100 1 _aSchütze, Robert,
_eauthor.
245 1 0 _aEuropean Union law /
_cRobert Schütze.
250 _aFourth edition.
264 1 _aOxford, United Kingdom ;
_aNew York, NY :
_bOxford University Press,
_c2025.
300 _acix, 1025 pages :
_billustrations (some color), color maps;
_c25 cm
336 _atext
_btxt
_2rdacontent
337 _aunmediated
_bn
_2rdamedia
338 _avolume
_bnc
_2rdacarrier
504 _aIncludes bibliographical references and index.
505 0 _aConstitutional foundations -- Governmental powers -- Substantive law.
610 2 0 _aEuropean Union.
650 7 _aLaw
_zEuropean Union countries.
_2BUEsh
653 _cApril2026
_bLLAAWW
655 _vReading book
906 _a7
_bcbc
_corignew
_d2
_eepcn
_f20
_gy-gencatlg
942 _2ddc
_cBB
999 _c31179
_d31150